Fire up your communication skills : get people to listen, understand, and give you what you want!

Bibliographic Details
Main Author: Captain Bob
Format: Book
Published: Petaling Jaya : Golden Books Centre , 2003
Edition:2nd. ed.
Subjects:

MARC

LEADER 00000cam a2200000 7i4500
001 0000004127
005 20180330.0
020 0 0 |a 9837205091 
090 0 0 |a 153.6   |b CAP 
100 1 0 |a Captain Bob 
245 1 0 |a Fire up your communication skills :   |b get people to listen, understand, and give you what you want!   |c Captain Bob 
250 0 0 |a 2nd. ed. 
260 0 0 |a Petaling Jaya :   |b Golden Books Centre ,   |c 2003 
300 |a 315p. ;   |c 22cm. 
650 0 0 |a Interpersonal communication 
650 0 0 |a Interpersonal relations 
999 |a 007992   |b Monograph   |c Open Shelf   |e Default branch